Central Library OPAC University of Rajshahi

Progress in international research on thermodynamic and transport properties : (Record no. 11520)

MARC details
000 -LEADER
fixed length control field 01245cam a2200289 i 4500
001 - CONTROL NUMBER
control field 11520
003 - CONTROL NUMBER IDENTIFIER
rucl marc code BD-RjUL
005 - DATE AND TIME OF LATEST TRANSACTION
control field 20211208235135.0
008 - FIXED-LENGTH DATA ELEMENTS--GENERAL INFORMATION
fixed length control field 140127s1962 nyua b 000 0 eng d
035 ## - SYSTEM CONTROL NUMBER
System control number (OCoLC)ocm02582147
System control number (BD-RjUL) 11569
System control number (NNC)2662684
040 ## - CATALOGING SOURCE
Original cataloging agency ERE
Transcribing agency ERE
Modifying agency OCL
-- BD-RjUL
Language of cataloging eng
041 ## - LANGUAGE CODE
Language code of text/sound track or separate title eng
082 ## - DEWEY DECIMAL CLASSIFICATION NUMBER
Edition number 21
Classification number 536.2012
Author mark and year PRO 1962
111 2# - MAIN ENTRY--MEETING NAME
Meeting name or jurisdiction name as entry element Symposium on Thermophysical Properties
Number of part/section/meeting (2nd :
Date of meeting 1962 :
Location of meeting Princeton University)
9 (RLIN) 35642
245 10 - TITLE STATEMENT
Title Progress in international research on thermodynamic and transport properties :
Remainder of title papers presented at second symposium on thermophysical properties, Princeton University, January 24-26, 1965 /
Statement of responsibility, etc. editors Joseph F. Masi, Donald H. Tsai.
260 ## - PUBLICATION, DISTRIBUTION, ETC. (IMPRINT)
Place of publication, distribution, etc. New York :
Name of publisher, distributor, etc. American Society of Mechanical Engineers,
Date of publication, distribution, etc. 1962.
300 ## - PHYSICAL DESCRIPTION
Pagination 762 p. :
Illustrations ill. ;
Size 29 cm.
490 1# - SERIES STATEMENT
Series statement Symposium on Thermophysical Properties. Papers ;
Volume/sequential designation 1962
500 ## - GENERAL NOTE
General note Sponsored by Standing Committee on Thermophysical Properties, Heat Transfer Division.
504 ## - BIBLIOGRAPHY, ETC. NOTE
Bibliography, etc Includes bibliographies.
650 #0 - SUBJECT ADDED ENTRY--TOPICAL TERM
Topical term or geographic name as entry element Materials
Form subdivision Congresses.
General subdivision Thermal properties
9 (RLIN) 35639
700 1# - ADDED ENTRY--PERSONAL NAME
Personal name Masi, Joseph F.,
Relator term editor.
Personal name Tsai, Donald H.,
Relator term editor.
942 ## - ADDED ENTRY ELEMENTS (KOHA)
Source of classification or shelving scheme Dewey Decimal Classification
Koha item type Books
Holdings
Lost status Source of classification or shelving scheme Damaged status Not for loan Collection code Permanent Location Current Location Shelving location Date acquired Source of acquisition Cost, normal purchase price Total Checkouts Full call number Date last seen Copy number Koha item type
  Dewey Decimal Classification     Non-fiction Central Library, University of Rajshahi Central Library, University of Rajshahi Reading Room 18/12/1963 Zeitlinger 192.00   536.2012 PRO 1962 27/01/2014 C-2 Books